Crítica intercultural de la filosofia latinoamericana actual
Furkejuvvon:
| Váldodahkki: | |
|---|---|
| Materiálatiipa: | Girji |
| Giella: | espánnjágiella |
| Almmustuhtton: |
Madrid
Trotta
2004
|
| Ráidu: | Estructuras y Procesos Serie Filosofía
|
| Fáttát: | |
| Fáddágilkorat: |
Lasit fáddágilkoriid
Eai fáddágilkorat, Lasit vuosttaš fáddágilkora!
|
MARC
| LEADER | 00000nam a2200000 a 4500 | ||
|---|---|---|---|
| 001 | UCI5418 | ||
| 003 | CL-VaPUC | ||
| 008 | 080328e20040000SP |||||||||||||||||spa|d | ||
| 020 | |a 8481646679 | ||
| 082 | 0 | 4 | |a 199.8 |b FOR |2 21 |
| 100 | 0 | |a Fornet-Betancourt, Raúl |e author |9 527783 | |
| 245 | 1 | 0 | |a Crítica intercultural de la filosofia latinoamericana actual |
| 300 | |a 196 p | ||
| 942 | |c BK | ||
| 945 | |d 20080328 00:00:00 |a rbrito | ||
| 260 | |a Madrid |b Trotta |c 2004 | ||
| 650 | 0 | |a Filosofía latinoamericana |9 311491 | |
| 650 | 0 | |a Libertad |9 255686 | |
| 651 | 0 | |a América Latina |9 255027 | |
| 583 | |a last modification |c 20121001 12:20:57 |k Rodrigo Vera | ||
| 490 | 0 | |a Estructuras y Procesos Serie Filosofía | |
| 999 | |c 329166 |d 329164 | ||
| 952 | |0 0 |1 0 |4 0 |6 199_800000000000000_FOR_2004 |7 0 |8 A |9 413527 |a BIBCUR |b BIBCUR |d 2019-11-22 |i 441960K |o 199.8 FOR 2004 |p 441960K |r 2025-04-22 |w 2019-11-22 |y BK |k PER | ||